Địa mạo động lực (quá trình sườn)
Gorde:
| Egile nagusia: | |
|---|---|
| Formatua: | Liburua |
| Hizkuntza: | Undetermined |
| Argitaratua: |
H.
ĐHQG
2002
|
| Gaiak: | |
| Etiketak: |
Etiketa erantsi
Etiketarik gabe, Izan zaitez lehena erregistro honi etiketa jartzen!
|
| Thư viện lưu trữ: | Trung tâm Học liệu Trường Đại học Cần Thơ |
|---|
| LEADER | 00522nam a2200181Ia 4500 | ||
|---|---|---|---|
| 001 | CTU_54385 | ||
| 008 | 210402s9999 xx 000 0 und d | ||
| 020 | |b 18000 | ||
| 082 | |a 551.43 | ||
| 082 | |b M600 | ||
| 100 | |a Nguyễn Quang Mỹ | ||
| 245 | 0 | |a Địa mạo động lực (quá trình sườn) | |
| 245 | 0 | |c Nguyễn Quang Mỹ | |
| 260 | |a H. | ||
| 260 | |b ĐHQG | ||
| 260 | |c 2002 | ||
| 650 | |a geomorphology,slopes ( physical geography ) | ||
| 980 | |a Trung tâm Học liệu Trường Đại học Cần Thơ | ||